000 00440nam a2200145Ia 4500
005 20260328104336.0
008 260328s9999||||xx |||||||||||||| ||und||
100 _aBecerra, Oscar
245 0 _aDiseño y Construcción Participativos :
_b Una alternativa para Modernizar la autoConstrucción Popular . /
_cOscar Becerra
250 _a1a ed.
260 _bUniversidad del Valle
300 _a97 p.
650 _aCONSTRUCCIÓN
942 _cBK
999 _c11920
_d11920